000
00313nam a22001337a 4500
020
_a
978-0-470-51312-5
041
_a
ENG
100
_a
Vertes .A.A
245
_a
Biomass To Biofuels Strategies For Global Industries
260
_a
Delhi
_b
Wiley
_c
2010
300
_a
559
650
_a
EOES
856
_u
EOES ( 39 )
999
_c
1306
_d
1306